Loading...
| Science - Chemistry | 0 | 9 | 3 | 2 | 75 | 83 | 103.78 | 0 | 3 | 0.00 | 0.00 |
| Science - Other | 0 | 7 | 1 | 3 | 65 | 33 | 100.86 | 1 | 1 | 0.00 | 0.00 |
| Science - Biology | 0 | 4 | 2 | 1 | 30 | 28 | 90.25 | 1 | 1 | 0.00 | 0.00 |
| Geography | 0 | 2 | 0 | 1 | 20 | 101 | 121.00 | 0 | 0 | 0.00 | 0.00 |
| Science - Physics | 0 | 2 | 1 | 0 | 15 | 115 | 128.00 | 0 | 0 | 0.00 | 0.00 |
| History - European | 0 | 1 | 0 | 0 | 10 | 119 | 119.00 | 0 | 0 | 0.00 | 0.00 |
| Philosophy | 0 | 2 | 2 | 0 | 10 | 98 | 102.00 | 0 | 0 | 0.00 | 0.00 |
| Literature - American | 0 | 1 | 0 | 0 | 10 | 161 | 161.00 | 0 | 0 | 0.00 | 0.00 |
| History - World | 0 | 1 | 0 | 0 | 10 | 95 | 95.00 | 0 | 0 | 0.00 | 0.00 |
| Social Science | 0 | 2 | 3 | 0 | 5 | 94 | 111.50 | 0 | 1 | 0.00 | 0.00 |
| Other Academic | 0 | 0 | 1 | 0 | -5 | 0.00 | 0 | 0 | 0.00 | 0.00 | |
| Fine Arts - Other | 0 | 0 | 1 | 0 | -5 | 0.00 | 0 | 0 | 0.00 | 0.00 |